Discographie de Slipknot - Statistiques

Statistiques générales
  • Ce quiz a été pris 19 fois
  • Le résultat moyen est 55 sur 115
Statistiques - réponses
Hint Réponse % Correct
Duality
100%
2001 Iowa
100%
Psychosocial
100%
(sic)
100%
Wait and Bleed
100%
2008 All Hope Is Gone
89%
Before I Forget
89%
Eyeless
89%
Liberate
89%
My Plague
89%
People = Shit
89%
1999 Slipknot
89%
Snuff
89%
Sulfur
89%
The Heretic Anthem
89%
Vermillion
89%
(515)
78%
2014 .5: The Gray Chapter
78%
Circle
78%
Left Behind
78%
Scissors
78%
Surfacing
78%
The Blister Exists
78%
The Devil in I
78%
Vermillion, Pt. 2
78%
Vermillion, Pt. 2 (Bloodstone Mix)
78%
2004 Vol. 3: (The Subliminal Verses)
78%
2019 We Are Not Your Kind
78%
Welcome
78%
Dead Memories
67%
Diluted
67%
Disasterpiece
67%
Me Inside
67%
Scream
67%
Spit It Out
67%
Unsainted
67%
Vendetta
67%
All Out Life
56%
Custer
56%
Danger - Keep Away
56%
Don't Get Close
56%
Eeyore
56%
Gehenna
56%
Gematria (The Killing Name)
56%
Goodbye
56%
I Am Hated
56%
Killpop
56%
Metabolic
56%
Nero Forte
56%
No Life
56%
Prelude 3.0
56%
Pulse of the Maggots
56%
Purity
56%
Sarcastrophe
56%
Skeptic
56%
Skin Ticket
56%
2022 The End, So Far
56%
The Negative One
56%
Three Nil
56%
XIX
56%
Butcher's Hook
44%
Only One
44%
Opium of the People
44%
Prosthetics
44%
Tattered & Torn
44%
The Nameless
44%
The Virus of Life
44%
A Liar's Funeral
33%
AOV
33%
Child of Burning Time
33%
Everything Ends
33%
.execute.
33%
Gently
33%
New Abortion
33%
Nomadic
33%
Red Flag
33%
Solway Firth
33%
The Chapeltown Rag
33%
This Cold Black
33%
Yen
33%
Acidic
22%
Lech
22%
Spiders
22%
The Burden
22%
The Dying Song (Time to Sing)
22%
The Shape
22%
Till We Die
22%
Adderall
11%
Birth of the Cruel
11%
Critical Darling
11%
Frail Limb Nursery
11%
Hive Mind
11%
If Rain Is What you Want
11%
Medicine for the Dead
11%
Orphan
11%
The One That Kills the Least
11%
What's Next
11%
742617000027
0%
Be Prepared for Hell
0%
Death Because of Death
0%
De Sade
0%
Finale
0%
Funny
0%
H377
0%
Heirloom
0%
Insert Coin
0%
My Pain
0%
Not Long for This World
0%
Override
0%
Silent
0%
Talk
0%
Warranty
0%
Wherein Lies Continues
0%
Aucun quiz correspondant
Distribution des résultats
% des personnes avec chaque résultat
Percentile par nombre de réponses
Votre historique - résultats
Vous n’avez pas pris ce quiz